The literary reader : (Record no. 15201)

MARC details
000 -LEADER
fixed length control field 00834cam a22002171a 4500
001 - CONTROL NUMBER
control field ca 17002706
003 - CONTROL NUMBER IDENTIFIER
control field DLC
005 - DATE AND TIME OF LATEST TRANSACTION
control field 20260227111105.0
008 - FIXED-LENGTH DATA ELEMENTS--GENERAL INFORMATION
fixed length control field 720524s1874 nyu 000 0 eng
010 ## - LIBRARY OF CONGRESS CONTROL NUMBER
LC control number ca 17002706
035 ## - SYSTEM CONTROL NUMBER
System control number (OCoLC)317303
040 ## - CATALOGING SOURCE
Original cataloging agency DLC
Transcribing agency ODaWU
Modifying agency PPiU
-- DLC
042 ## - AUTHENTICATION CODE
Authentication code premarc
050 00 - LIBRARY OF CONGRESS CALL NUMBER
Classification number PE1121
Item number .C35
100 1# - MAIN ENTRY--PERSONAL NAME
Personal name Cathcart, George R.
Fuller form of name (George Rhett)
245 14 - TITLE STATEMENT
Title The literary reader :
Remainder of title typical selections from the best British and American authors : from Shakespeare to the present time : chronologically arranged : with bibliographical and critical sketches and numerous notes, etc., etc. /
Statement of responsibility, etc. by George C. Cathcart.
260 ## - PUBLICATION, DISTRIBUTION, ETC.
Place of publication, distribution, etc. New York :
Name of publisher, distributor, etc. Ivison, Blakeman, Taylor and Company,
Date of publication, distribution, etc. 1874.
300 ## - PHYSICAL DESCRIPTION
Extent xiv, 426 p. ;
Dimensions 20 cm.
490 0# - SERIES STATEMENT
Series statement The American educational series
650 #0 - SUBJECT ADDED ENTRY--TOPICAL TERM
Topical term or geographic name entry element Readers.

No items available.

Powered by Koha